书目信息 |
| 题名: |
中文版AutoCAD 2018园林景观设计从入门到精通
|
|
| 作者: | ;天工在线 编著 | |
| 分册: | ||
| 出版信息: | 北京 中国水利水电出版社 2018.07 |
|
| 页数: | 480页 | |
| 开本: | 26cm | |
| 丛书名: | ||
| 单 册: | ||
| 中图分类: | TU986.2-39 | |
| 科图分类: | ||
| 主题词: | 园林设计--景观设计--计算机辅助设计--AutoCAD软件 | |
| 电子资源: | ||
| ISBN: | 978-7-5170-6066-6 | |
| 000 | 00911nam0 2200229 450 | |
| 001 | 293 | |
| 005 | 20180921161642.96 | |
| 010 | @a978-7-5170-6066-6@dCNY79.80 | |
| 100 | @a20180819d2018 em y0chiy50 ea | |
| 101 | 0 | @achi |
| 102 | @aCN@b110000 | |
| 105 | @aa z 000yy | |
| 200 | 1 | @a中文版AutoCAD 2018园林景观设计从入门到精通@9zhong wen ban AutoCAD 2018 yuan lin jing guan she ji cong ru men dao jing tong@e实战案例版@f天工在线编著 |
| 210 | @a北京@c中国水利水电出版社@d2018.07 | |
| 215 | @a480页@c图@d26cm | |
| 300 | @aCAD/CAM/CAE微视频讲解大系 | |
| 330 | @a本书分为基础知识篇、园林景观篇、综合实例篇3篇,共19章,内容包括:园林设计基本概念、AutoCAD 2018入门、基本绘图设置、简单二维绘图命令等。 | |
| 606 | 0 | @a园林设计@x景观设计@x计算机辅助设计@xAutoCAD软件 |
| 690 | @aTU986.2-39@v5 | |
| 711 | 02 | @a天工在线@9tian gong zai xian@4编著 |
| 801 | 0 | @aCN@b91MARC@c20180819 |
| 905 | @aMuseLib@dTU986.2-39@e1425 | |
| 中文版AutoCAD 2018园林景观设计从入门到精通:实战案例版/天工在线编著.-北京:中国水利水电出版社,2018.07 |
| 480页:图;26cm |
| CAD/CAM/CAE微视频讲解大系 |
| ISBN 978-7-5170-6066-6:CNY79.80 |
| 本书分为基础知识篇、园林景观篇、综合实例篇3篇,共19章,内容包括:园林设计基本概念、AutoCAD 2018入门、基本绘图设置、简单二维绘图命令等。 |
| ● |
| 相关链接 |
|
|
|
|
正题名:中文版AutoCAD 2018园林景观设计从入门到精通
索取号:TU986.2-39/1425
 
预约/预借
| 序号 | 登录号 | 条形码 | 馆藏地/架位号 | 状态 | 备注 |
| 1 | 1119199 | 211191994 | 第二样本阅览室/ [索取号:TU986.2-39/1425] | 在馆 | |
| 2 | 1119200 | 211192001 | 第三借阅区/ [索取号:TU986.2-39/1425] | 在馆 | |
| 3 | 1119201 | 211192010 | 第三借阅区/ [索取号:TU986.2-39/1425] | 在馆 | |
| 4 | 1119202 | 211192029 | 第三借阅区/ [索取号:TU986.2-39/1425] | 在馆 | |
| 5 | 1119203 | 211192038 | 第三借阅区/ [索取号:TU986.2-39/1425] | 在馆 |